Los efectos económicos de la política fiscal / (Registro nro. 8377)

Detalles MARC
000 -LEADER
fixed length control field 01341nam a2200277Ia 4500
003 - CONTROL NUMBER IDENTIFIER
control field OSt
005 - DATE AND TIME OF LATEST TRANSACTION
control field 20210823114204.0
008 - FIXED-LENGTH DATA ELEMENTS--GENERAL INFORMATION
fixed length control field 210310s1962 sp fr 000 0 spa d
040 ## - CATALOGING SOURCE
Original cataloging agency CO-JMCR
Transcribing agency CO-JMCR
041 1# - LANGUAGE CODE
Language code of text/sound track or separate title spa
Language code of original swe
082 04 - DEWEY DECIMAL CLASSIFICATION NUMBER
Classification number 339.52 /
Item number M998e1
Edition number 23
100 1# - MAIN ENTRY--PERSONAL NAME
Personal name Myrdal, Gunnar,
9 (RLIN) 17094
Relator term autor
245 14 - TITLE STATEMENT
Title Los efectos económicos de la política fiscal /
Statement of responsibility, etc. Gunnar Myrdal ; traducción directa del sueco por Bengt Becker ; revisión y nota preliminar por Manuel de Torres ; prólogo a la 1° edición por Manuel Orbea
250 ## - EDITION STATEMENT
Edition statement Tercera edición
260 ## - PUBLICATION, DISTRIBUTION, ETC.
Place of publication, distribution, etc. Madrid :
Name of publisher, distributor, etc. Aguilar,
Date of publication, distribution, etc. 1962
300 ## - PHYSICAL DESCRIPTION
Extent xxvii, 360 páginas ;
Dimensions 21 cm.
490 0# - SERIES STATEMENT
Series statement Biblioteca de Ciencias Sociales. Sección Primera : Economía
500 ## - GENERAL NOTE
General note Título original: Finanspolitikens ekonomiska verkningar<br/>Incluye notas a pie de página.
505 0# - FORMATTED CONTENTS NOTE
Formatted contents note Los efectos a largo plazo de las modificaciones en el sistema financiero -- La nivelación presupuestaria a corto y a largo plazo -- Los efectos a corto plazo de la política financiera, desde el punto de vista de la política de la coyuntura
546 ## - LANGUAGE NOTE
Language note Traducido del sueco.
650 14 - SUBJECT ADDED ENTRY--TOPICAL TERM
Topical term or geographic name entry element Política fiscal
9 (RLIN) 17096
700 1# - ADDED ENTRY--PERSONAL NAME
Personal name Becker, Bengt,
Relator term traductor
9 (RLIN) 39527
700 1# - ADDED ENTRY--PERSONAL NAME
Personal name Torres, Manuel de,
Relator term revisor
9 (RLIN) 3623
700 1# - ADDED ENTRY--PERSONAL NAME
Personal name Orbea, Manuel,
Relator term prologuista
9 (RLIN) 39528
942 ## - ADDED ENTRY ELEMENTS (KOHA)
Source of classification or shelving scheme Dewey Decimal Classification
Koha item type Books
Existencias
Withdrawn status Lost status Source of classification or shelving scheme Damaged status Not for loan Collection code Home library Current library Date acquired Source of acquisition Full call number Barcode Date last seen Copy number Koha item type
    Dewey Decimal Classification     Non-fiction Biblioteca Pública José María del Castillo y Rada Biblioteca Pública José María del Castillo y Rada 04/15/2018 Donación 339.52 / M998e1 430006330 05/16/2024 Ej.1 Books